Mezinárodní dluh
Ekonomická a finančná zadlženosť rozvojových krajín. Vonkajšie a vnútorné príčiny krízovej zadlženosti. Studená vojna a nelegitímne dlhy. "Program štrukturálneho prispôsobenia" (Structural adjustment program - SAP) ako nástroj na reštrukturalizáciu národného hospodárstva a na zabezpečenie hospodársk...
Saved in:
| Main Author: | |
|---|---|
| Format: | Book Chapter |
| Language: | Czech |
| Subjects: | |
| Tags: |
No Tags, Be the first to tag this record!
|
MARC
| LEADER | 00000naa$a2200000$$$4500 | ||
|---|---|---|---|
| 001 | 0022978 | ||
| 005 | 20231016091543.5 | ||
| 041 | 0 | |a cze | |
| 044 | |a CZ | ||
| 245 | 1 | 0 | |a Mezinárodní dluh |c Tomáš Tožička |
| 520 | |a Ekonomická a finančná zadlženosť rozvojových krajín. Vonkajšie a vnútorné príčiny krízovej zadlženosti. Studená vojna a nelegitímne dlhy. "Program štrukturálneho prispôsobenia" (Structural adjustment program - SAP) ako nástroj na reštrukturalizáciu národného hospodárstva a na zabezpečenie hospodárskeho rastu zadlžených krajín. Medzinárodné dlhy a oddlženie. Výmenné fondy ako efektívny nástroj oddlženia. | ||
| 610 | 2 | 0 | |a spolupráca hospodárska medzinárodná |
| 610 | 2 | 0 | |a krajiny rozvojové |
| 610 | 2 | 0 | |a krajiny vyspelé |
| 610 | 2 | 0 | |a pôžičky |
| 610 | 2 | 0 | |a pôžičky medzinárodné |
| 610 | 2 | 0 | |a zadlženosť zahraničná |
| 610 | 2 | 0 | |a dlhy |
| 610 | 2 | 0 | |a banky |
| 610 | 2 | 0 | |a veritelia |
| 610 | 2 | 0 | |a splátky |
| 610 | 2 | 0 | |a úver |
| 610 | 2 | 0 | |a úrok |
| 100 | 1 | |a Tožička, Tomáš | |